| 000 | 00594nam a22001817a 4500 | ||
|---|---|---|---|
| 005 | 20180831103530.0 | ||
| 010 | _aENG-123941 | ||
| 020 |
_a9780199480159 _c695.00 |
||
| 035 | _aEN-107473 | ||
| 037 | _bDBAD/PUB | ||
| 082 | _a610.9 | ||
| 100 | _aUdwadia, Farokh Erach | ||
| 245 |
_aTabiyat: _cby Farokh Erach Udwadia _bMedicine and healing in india and other essays / |
||
| 260 |
_c2018 _aNew Delhi _bOxford University Press |
||
| 270 |
_a2/11, Ground Floor, Ansari Road, Daryaganj, _bNew Delhi _e110002 |
||
| 300 |
_c22cm(Hb) _axi,210p. |
||
| 942 |
_cEN _2ddc _mUDW _h610.9 |
||
| 999 |
_c156744 _d156744 |
||